[Event "Eurasian Blitz Chess Cup"]
[Site "Almaty KAZ"]
[Date "2016.06.18"]
[Round "7.23"]
[White "Bologan, Viktor"]
[Black "Harika, Dronavalli"]
[Result "1-0"]
[WhiteTitle "GM"]
[BlackTitle "GM"]
[WhiteElo "2654"]
[BlackElo "2514"]
[WhiteFideId "13900048"]
[BlackFideId "5015197"]
[EventDate "2016.06.18"]

1. e4 e6 2. d4 d5 3. Nc3 Bb4 4. e5 c5 5. a3 Bxc3+ 6. bxc3 Ne7 7. Nf3 Qa5 8. Bd2
Nbc6 9. a4 Bd7 10. Bb5 Qc7 11. O-O O-O 12. Re1 h6 13. dxc5 Na5 14. Bd3 Qxc5 15.
Nd4 Nc4 16. Bc1 Ng6 17. Qh5 Qc7 18. Bxg6 fxg6 19. Qxg6 Nxe5 20. Qg3 Rac8 21.
Rxe5 Qxc3 22. Qxc3 Rxc3 23. a5 Kf7 24. Bd2 Rc4 25. c3 Rc5 26. f4 Rfc8 27. Kf2 g6
28. g4 Rh8 29. Kg3 Rg8 30. Kf3 Rgc8 31. h4 Rg8 32. h5 gxh5 33. Rxh5 e5 34. Rxe5
Bxg4+ 35. Kf2 h5 36. f5 Rgc8 37. Rae1 R8c7 38. Ne6 Rxc3 39. Bxc3 Rxc3 1-0

[Event "Eurasian Blitz Chess Cup"]
[Site "Almaty KAZ"]
[Date "2016.06.18"]
[Round "7.24"]
[White "Arutinian, David"]
[Black "Egorov, Evgeny"]
[Result "1-0"]
[WhiteTitle "GM"]
[BlackTitle "IM"]
[WhiteElo "2527"]
[BlackElo "2387"]
[WhiteFideId "13601741"]
[BlackFideId "13700421"]
[EventDate "2016.06.18"]

1. Nf3 Nc6 2. d4 d5 3. c4 Bg4 4. Nc3 e6 5. Bf4 Bd6 6. Bg3 Nge7 7. e3 O-O 8. cxd5
exd5 9. Be2 a6 10. O-O Qd7 11. Rc1 Rae8 12. Na4 Bxf3 13. Bxf3 Nd8 14. Nc5 Bxc5
15. Rxc5 c6 16. h3 Nc8 17. Rc1 Nd6 18. Qb3 Ne4 19. Bxe4 Rxe4 20. Qb6 Re7 21. a4
Ne6 22. b4 Ng5 23. Bh4 Nxh3+ 24. gxh3 Re4 25. Bg3 Qxh3 26. Qc7 h5 27. f3 Rxe3
28. Rc2 h4 29. Bd6 Rfe8 30. Rh2 Qf5 31. Rhf2 R8e6 32. Qd8+ Kh7 33. Rg2 h3 34.
Qh4+ Rh6 35. Qg4 Qf6 36. Be5 hxg2 37. Bxf6 gxf1=Q+ 38. Kxf1 Rxf6 39. Qh3+ Kg8
40. Qc8+ Kh7 41. Qh3+ Kg8 42. Qc8+ Kh7 43. Qh3+ Kg8 44. Qc8+ Kh7 45. Qh3+ Rh6
46. Qf5+ Kg8 47. Kf2 Ree6 48. Qg5 Rhf6 49. Qg3 Rf5 50. Qb8+ Kh7 51. Qxb7 Ref6
52. Qxa6 Rxf3+ 53. Ke2 Rb3 54. Qc8 Re6+ 55. Kd2 Rxb4 56. a5 Rxd4+ 57. Kc3 Rc4+
58. Kd3 Ra4 59. a6 c5 60. Qd7 Rexa6 61. Qxf7 Ra3+ 62. Kc2 Ra2+ 63. Kb1 Rh2 64.
Qf5+ Kg8 65. Qc8+ Kh7 66. Qxa6 Rh1+ 67. Kc2 Rh2+ 68. Kd1 Rh4 69. Ke2 c4 70. Kf3
Rd4 71. Qe6 Rd3+ 72. Kg4 g6 73. Kg5 Rg3+ 74. Kh4 Rd3 75. Qe7+ Kh6 76. Qf8+ Kh7
77. Qb8 c3 78. Kg5 Rf3 79. Qc7+ Kg8 80. Kxg6 1-0

[Event "Eurasian Blitz Chess Cup"]
[Site "Almaty KAZ"]
[Date "2016.06.18"]
[Round "8.3"]
[White "Kasimdzhanov, Rustam"]
[Black "Amonatov, Farrukh"]
[Result "1-0"]
[WhiteTitle "GM"]
[BlackTitle "GM"]
[WhiteElo "2703"]
[BlackElo "2614"]
[WhiteFideId "14200244"]
[BlackFideId "14700077"]
[EventDate "2016.06.18"]

1. e4 c5 2. Nf3 d6 3. d4 cxd4 4. Nxd4 Nf6 5. Nc3 a6 6. Bc4 e6 7. Bb3 b5 8. O-O
Be7 9. Qf3 Qc7 10. Qg3 Nc6 11. Nxc6 Qxc6 12. Re1 Bb7 13. a3 Rd8 14. Be3 O-O 15.
Rad1 Kh8 16. Bg5 a5 17. Qh4 h6 18. Rd3 Qc5 19. Bxh6 Qh5 20. Qxh5 Nxh5 21. Bd2 b4
22. axb4 axb4 23. Rh3 bxc3 24. Rxh5+ Kg8 25. Bxc3 Rc8 26. f3 Bd8 27. Bd4 Bc6 28.
Ra1 Re8 29. Ra7 Ra8 30. Rxa8 Bxa8 31. Rb5 Bc6 32. Rb8 Kf8 33. Bb6 Bxb6+ 34. Rxb6
Rc8 35. Kf2 Ke7 36. Ke3 Kd7 37. Ra6 Rc7 38. Kd2 Rb7 39. h4 g6 40. Ra5 Ke7 41. g4
Kf6 42. Kc3 Rc7 43. Kd2 Rb7 44. Ra6 Rc7 45. Ke3 Ke7 1-0

[Event "Eurasian Blitz Chess Cup"]
[Site "Almaty KAZ"]
[Date "2016.06.18"]
[Round "8.4"]
[White "Jones, Gawain C B"]
[Black "Khusnutdinov, Rustam"]
[Result "1-0"]
[WhiteTitle "GM"]
[BlackTitle "GM"]
[WhiteElo "2650"]
[BlackElo "2476"]
[WhiteFideId "409561"]
[BlackFideId "13701703"]
[EventDate "2016.06.18"]

1. e4 e6 2. d4 d5 3. Nd2 Nc6 4. Ngf3 Nf6 5. e5 Nd7 6. Nb3 a5 7. a4 Be7 8. Bb5
Na7 9. Bd3 b6 10. c3 c5 11. Nbd2 Nc6 12. Bb5 Na7 13. Bd3 Nc6 14. O-O cxd4 15.
Bb5 Na7 16. Nxd4 O-O 17. Qh5 Nxb5 18. Nc6 Qe8 19. axb5 Bc5 20. b4 Be7 21. bxa5
bxa5 22. Nxe7+ Qxe7 23. Ba3 Qe8 24. Bxf8 Nxf8 25. Rfb1 Bb7 26. h3 Ng6 27. Qg5 h6
28. Qe3 Nh4 29. Qd4 Qd8 30. Ra4 Nf5 31. Qc5 Rc8 32. Qa7 Ba8 33. Qxa5 Qg5 34. Nf3
Qg6 35. Rba1 d4 36. Qxa8 Rxa8 37. Rxa8+ Kh7 38. b6 Ne7 39. b7 Nc6 40. Nxd4 1-0

[Event "Eurasian Blitz Chess Cup"]
[Site "Almaty KAZ"]
[Date "2016.06.18"]
[Round "8.5"]
[White "Onischuk, Vladimir"]
[Black "Megaranto, Susanto"]
[Result "1/2-1/2"]
[WhiteTitle "GM"]
[BlackTitle "GM"]
[WhiteElo "2613"]
[BlackElo "2535"]
[WhiteFideId "14114038"]
[BlackFideId "7101384"]
[EventDate "2016.06.18"]

1. e4 g6 2. d4 Bg7 3. Nc3 c6 4. f4 d5 5. e5 h5 6. Nf3 Bg4 7. Be3 Nh6 8. h3 Bxf3
9. Qxf3 Nf5 10. Bf2 h4 11. Bd3 e6 12. O-O Nd7 13. Ne2 a5 14. b3 Bf8 15. c4 Nb6
16. Rfc1 Be7 17. c5 Nd7 18. a3 Kf8 19. b4 axb4 20. axb4 Kg7 21. b5 cxb5 22. Bxb5
Qc7 23. Qb3 Rhb8 24. Ra4 Rc8 25. Rca1 Rxa4 26. Rxa4 Nxc5 27. dxc5 Bxc5 28. Bxc5
Qxc5+ 29. Kh2 Ne3 30. Ra1 Qb6 31. Rb1 Qa7 32. Kh1 Rc7 33. Bd3 d4 34. Qb2 Nd5 35.
Rf1 Nc3 36. Kh2 b5 37. Qb4 Nd5 38. Qxd4 Qxd4 39. Nxd4 b4 40. Ne2 Ne3 41. Rb1 Rd7
42. Rb3 Nf1+ 43. Kg1 Nd2 44. Rxb4 Rxd3 45. Rd4 Rxd4 46. Nxd4 g5 47. f5 Nc4 48.
fxe6 fxe6 49. Nxe6+ Kh6 50. Nd4 Nxe5 51. Kf2 1/2-1/2

[Event "Eurasian Blitz Chess Cup"]
[Site "Almaty KAZ"]
[Date "2016.06.18"]
[Round "8.7"]
[White "Nepomniachtchi, Ian"]
[Black "Sjugirov, Sanan"]
[Result "1-0"]
[WhiteTitle "GM"]
[BlackTitle "GM"]
[WhiteElo "2719"]
[BlackElo "2665"]
[WhiteFideId "4168119"]
[BlackFideId "4189302"]
[EventDate "2016.06.18"]

1. e4 e5 2. Nf3 Nc6 3. c3 Nf6 4. d4 exd4 5. e5 Ne4 6. cxd4 d5 7. Nc3 Bg4 8. h3
Bh5 9. Be3 Be7 10. Bd3 Bg6 11. O-O O-O 12. Rc1 Qd7 13. Ne2 Nd8 14. Nf4 Ne6 15.
Nxg6 fxg6 16. Bxe4 dxe4 17. Nd2 Nxd4 18. Nxe4 Rad8 19. Bxd4 Qxd4 20. Qb3+ Kh8
21. Rxc7 Qxe5 22. Qxb7 Rde8 23. Rc4 Rb8 24. Qc7 Qxc7 25. Rxc7 Bd8 26. Rc2 Bb6
27. Rd1 Rbe8 28. Nc3 Rc8 29. Re2 Rc6 30. Nd5 Bd8 31. b4 h6 32. a4 Rc4 33. a5 Kh7
34. g3 Bg5 35. Kg2 Rcc8 36. h4 Bd8 37. Rdd2 Rc4 38. Re6 Rc8 39. Ra6 Rf7 40. Rd6
g5 41. h5 g4 42. Re2 Bg5 43. b5 Rc5 44. Rb2 Rf5 45. b6 axb6 46. axb6 Rf8 47. b7
Rb8 48. Rd7 Rc1 49. Nb4 Bf6 50. Na6 Re8 51. Rbd2 Ree1 52. Rd1 Rexd1 53. Rxd1
Rxd1 54. b8=Q Rd2 55. Qb1+ Kh8 56. Nc5 Bd4 57. Ne4 1-0

[Event "Eurasian Blitz Chess Cup"]
[Site "Almaty KAZ"]
[Date "2016.06.18"]
[Round "8.9"]
[White "Dreev, Aleksey"]
[Black "Gunina, Valentina"]
[Result "1/2-1/2"]
[WhiteTitle "GM"]
[BlackTitle "GM"]
[WhiteElo "2664"]
[BlackElo "2518"]
[WhiteFideId "4100107"]
[BlackFideId "4167570"]
[EventDate "2016.06.18"]

1. d4 Nf6 2. Nf3 e6 3. c4 b6 4. a3 Bb7 5. Nc3 d5 6. Bg5 Be7 7. Qa4+ Qd7 8. Qc2
O-O 9. e3 dxc4 10. Bxc4 h6 11. Bh4 Nd5 12. Bb5 Qd8 13. Bxe7 Qxe7 14. Nxd5 Bxd5
15. Rc1 Rc8 16. Bc4 Bxc4 17. Qxc4 c5 18. O-O Nd7 19. Rfd1 Qe8 20. Qa4 cxd4 21.
Nxd4 Rxc1 22. Rxc1 Rc8 23. Rxc8 Qxc8 24. Qc6 Qxc6 25. Nxc6 a5 26. Kf1 f6 27. Ke2
Nc5 28. b4 axb4 29. axb4 Ne4 30. f3 Nd6 31. Nb8 Kf7 32. Nd7 b5 33. Kd3 Ke7 34.
Nc5 Nc4 35. f4 Kd6 36. Nb3 e5 37. Ke4 f5+ 38. Kd3 Kd5 39. fxe5 Nxe5+ 40. Kc3 Ng4
41. Kd3 Ne5+ 42. Kc3 Ng4 43. Kd3 Ne5+ 44. Kc3 Ng4 45. Kd3 Ne5+ 1/2-1/2

[Event "Eurasian Blitz Chess Cup"]
[Site "Almaty KAZ"]
[Date "2016.06.18"]
[Round "8.10"]
[White "Ghaem Maghami, Ehsan"]
[Black "Hou, Yifan"]
[Result "1-0"]
[WhiteTitle "GM"]
[BlackTitle "GM"]
[WhiteElo "2551"]
[BlackElo "2663"]
[WhiteFideId "12500739"]
[BlackFideId "8602980"]
[EventDate "2016.06.18"]

1. e4 c5 2. Nf3 e6 3. c3 d5 4. exd5 Qxd5 5. d4 Nf6 6. Be3 Nc6 7. a3 Be7 8. dxc5
Qxd1+ 9. Kxd1 e5 10. b4 Bg4 11. Kc2 O-O-O 12. Nbd2 Bf5+ 13. Kb2 Ng4 14. Re1 Nxe3
15. fxe3 g5 16. e4 Be6 17. h3 h5 18. Bc4 g4 19. Bxe6+ fxe6 20. hxg4 hxg4 21.
Rxh8 Rxh8 22. Ng1 Rh2 23. Re2 Rh1 24. Re1 Bh4 25. Rd1 Bf2 26. Rf1 g3 27. Ngf3
Rh5 28. Nc4 Kc7 29. a4 a5 30. b5 Ne7 31. Ncxe5 Bxc5 32. Nd3 Be3 33. Kc2 Ng6 34.
Kd1 Bc5 35. Ke2 Be7 36. Rd1 Bf6 37. Rf1 Be7 38. Nd4 Kd7 39. Rf7 Rh2 40. Kf3 Nh4+
41. Kxg3 Rxg2+ 42. Kh3 Rd2 43. Ne5+ Ke8 44. Rxe7+ Kxe7 45. Kxh4 Ra2 46. Kg5 Rxa4
47. Ng6+ Kd6 48. e5+ Kd5 49. Kf6 Rxd4 50. Ne7+ Kc4 51. cxd4 a4 52. d5 exd5 53.
Nxd5 Kxd5 54. e6 a3 55. e7 a2 56. e8=Q a1=Q+ 1-0

[Event "Eurasian Blitz Chess Cup"]
[Site "Almaty KAZ"]
[Date "2016.06.18"]
[Round "8.12"]
[White "Fressinet, Laurent"]
[Black "Le, Quang Liem"]
[Result "1-0"]
[WhiteTitle "GM"]
[BlackTitle "GM"]
[WhiteElo "2687"]
[BlackElo "2718"]
[WhiteFideId "608742"]
[BlackFideId "12401137"]
[EventDate "2016.06.18"]

1. d4 Nf6 2. Nf3 d5 3. c4 e6 4. Nc3 c6 5. e3 Nbd7 6. Qc2 b6 7. Bd3 Bb7 8. O-O
Be7 9. b3 O-O 10. Bb2 Qc7 11. Rfd1 Rfd8 12. Rac1 Rac8 13. Qe2 Qb8 14. e4 dxe4
15. Nxe4 c5 16. Neg5 cxd4 17. Nxf7 Kxf7 18. Ng5+ Ke8 19. Qxe6 Ne5 20. Re1 Rc5
21. Nxh7 Qd6 22. Nxf6+ gxf6 23. Rxe5 Qxe6 24. Rxe6 Re5 25. Re1 Rxe1+ 26. Rxe1
Kf7 27. g3 Bb4 28. Rc1 Re8 29. a3 Bd2 30. Rd1 Bc3 31. Bxc3 dxc3 32. Rc1 Bf3 33.
Kf1 c2 34. Rxc2 Bd1 35. Rb2 Rd8 36. Be2 Ke6 37. h4 Kf5 38. Bxd1 Rxd1+ 39. Ke2
Ra1 40. a4 Rc1 41. Rd2 Rb1 42. Rd3 Kg4 43. Re3 Rb2+ 44. Kf1 f5 45. Kg2 Kh5 46.
Rf3 Kg6 47. h5+ Kg5 48. h6 Kxh6 49. Rxf5 Rxb3 50. a5 bxa5 51. Rxa5 Rb7 52. g4
Rc7 53. Kg3 Kg6 54. f4 Rxc4 55. Ra6+ Kg7 56. Rxa7+ Kg6 57. Ra6+ Kg7 58. g5 Rc1
59. Kg4 Rc4 60. Ra7+ Kg6 61. Ra6+ Kg7 62. Rb6 Ra4 63. Re6 Kf7 64. Rd6 Rb4 65.
g6+ Ke7 66. Ra6 Rb1 67. Kg5 Rg1+ 68. Kf5 Rb1 69. Ra7+ Kf8 70. Kf6 Rb6+ 71. Kg5
Rb1 72. f5 Rb5 73. Rf7+ Kg8 74. Rd7 Ra5 75. Kf6 Ra6+ 76. Ke5 Ra5+ 77. Ke6 Ra6+
78. Rd6 Ra1 79. f6 Re1+ 80. Kf5 Rf1+ 81. Ke4 Re1+ 1-0

[Event "Eurasian Blitz Chess Cup"]
[Site "Almaty KAZ"]
[Date "2016.06.18"]
[Round "8.16"]
[White "Kovalenko, Igor"]
[Black "Vakhidov, Jahongir"]
[Result "1-0"]
[WhiteTitle "GM"]
[BlackTitle "GM"]
[WhiteElo "2668"]
[BlackElo "2578"]
[WhiteFideId "14117908"]
[BlackFideId "14201801"]
[EventDate "2016.06.18"]

1. d4 Nf6 2. Nf3 g6 3. g3 Bg7 4. Bg2 O-O 5. c4 d6 6. Nc3 Nbd7 7. O-O e5 8. e4
exd4 9. Nxd4 Re8 10. Re1 a6 11. h3 Rb8 12. Bf4 Nc5 13. Qd2 Bd7 14. Kh2 b5 15.
cxb5 axb5 16. Bg5 Qc8 17. b4 Ne6 18. Nxe6 Bxe6 19. Rac1 Bc4 20. a4 bxa4 21. Nxa4
Bb5 22. Nc3 Qd7 23. Bxf6 Bxf6 24. Nd5 Bg7 25. Rxc7 Qd8 26. Qf4 f5 27. Rec1 Kh8
28. Rxg7 Kxg7 29. Rc7+ Kh8 30. exf5 Bd7 31. fxg6 Rg8 32. Qxd6 Rg7 33. gxh7 Qe8
34. Nf6 Qf8 35. Rxd7 Rxd7 36. Qxf8+ Rxf8 37. Nxd7 Rxf2 38. b5 1-0

[Event "Eurasian Blitz Chess Cup"]
[Site "Almaty KAZ"]
[Date "2016.06.18"]
[Round "8.17"]
[White "Filippov, Anton UZB"]
[Black "Saric, Ivan"]
[Result "1-0"]
[WhiteTitle "GM"]
[BlackTitle "GM"]
[WhiteElo "2582"]
[BlackElo "2660"]
[WhiteFideId "14200988"]
[BlackFideId "14508150"]
[EventDate "2016.06.18"]

1. e4 c5 2. Nf3 d6 3. d4 cxd4 4. Nxd4 Nf6 5. Nc3 a6 6. Be3 e6 7. Be2 Qc7 8. O-O
b5 9. f3 Bb7 10. Qd2 Be7 11. g4 Nc6 12. Nxc6 Bxc6 13. a3 Qb7 14. Rad1 O-O 15.
Qe1 a5 16. Bd3 b4 17. axb4 axb4 18. Ne2 e5 19. Ng3 g6 20. g5 Nd7 21. Bc4 Kh8 22.
h4 f6 23. gxf6 Nxf6 24. Bh6 Rfd8 25. h5 Nxh5 26. Nxh5 gxh5 27. Kh2 Bf8 28. Qe3
Bxh6 29. Qxh6 Qg7 30. Qxh5 Be8 31. Qh4 Bg6 32. Rg1 Rac8 33. Bb3 Rb8 34. Rg3 Rf8
35. Rxd6 1-0

[Event "Eurasian Blitz Chess Cup"]
[Site "Almaty KAZ"]
[Date "2016.06.18"]
[Round "8.18"]
[White "Moiseenko, Alexander"]
[Black "Sanikidze, Tornike"]
[Result "0-1"]
[WhiteTitle "GM"]
[BlackTitle "GM"]
[WhiteElo "2648"]
[BlackElo "2548"]
[WhiteFideId "14102560"]
[BlackFideId "13602608"]
[EventDate "2016.06.18"]

1. d4 d5 2. c4 e6 3. Nc3 Bb4 4. cxd5 exd5 5. Bf4 c6 6. e3 Ne7 7. Bd3 Bf5 8. Ne2
Bd6 9. O-O O-O 10. f3 Bxd3 11. Qxd3 Na6 12. e4 Bxf4 13. Nxf4 Rc8 14. Rad1 Nc7
15. e5 Ne6 16. Nh5 Qe8 17. f4 f5 18. exf6 Qxh5 19. fxe7 Rf7 20. Qe3 Qf5 21. Kh1
Rxe7 22. g4 Qf6 23. Qe5 Rf8 24. f5 Ng5 25. Qxf6 gxf6 26. h4 Ne4 27. Kg2 Rfe8 28.
Rde1 Nd2 29. Rxe7 Rxe7 30. Rf2 Nc4 31. Kf3 Re3+ 32. Kf4 Rd3 33. Re2 Rxd4+ 34.
Kg3 Ne5 35. g5 Rd3+ 36. Kg2 Kf7 37. Na4 b6 38. b4 Rd4 39. a3 Rxh4 40. gxf6 Kxf6
41. Nc3 Rc4 42. Nd1 Rg4+ 43. Kh3 Re4 44. Rg2 d4 45. Nf2 Re3+ 46. Kh4 d3 47. Ng4+
Nxg4 48. Kxg4 c5 49. Kf4 Re2 50. Rg8 c4 51. Rd8 Rf2+ 52. Ke4 b5 53. Rd6+ Ke7 54.
Rd5 Re2+ 55. Kf3 Rh2 56. Ke3 a6 57. Rc5 d2 58. Re5+ Kf6 59. Rd5 c3 60. Rd6+ Kxf5
61. Kf3 c2 62. Rd5+ 0-1

[Event "Eurasian Blitz Chess Cup"]
[Site "Almaty KAZ"]
[Date "2016.06.18"]
[Round "8.19"]
[White "Vahidov, Tair"]
[Black "Jobava, Baadur"]
[Result "0-1"]
[WhiteTitle "GM"]
[BlackTitle "GM"]
[WhiteElo "2435"]
[BlackElo "2669"]
[WhiteFideId "14200155"]
[BlackFideId "13601520"]
[EventDate "2016.06.18"]

1. c4 Nf6 2. Nc3 g6 3. d4 Bg7 4. g3 d6 5. Nf3 Nbd7 6. Bg2 e5 7. O-O O-O 8. e4 a6
9. h3 b5 10. dxe5 dxe5 11. Re1 c6 12. Qd6 Bb7 13. Be3 Re8 14. Rad1 Bf8 15. Qd3
Qc7 16. a3 Nb6 17. cxb5 cxb5 18. Nd2 Red8 19. Qb1 Rac8 20. Rc1 Qd6 21. Red1 Qe6
22. Qa2 Qxa2 23. Nxa2 Na4 24. b3 Nc5 25. Nb4 Ne6 26. Rxc8 Rxc8 27. Nd5 Kg7 28.
b4 Ne8 29. Nb3 Nd6 30. Nc5 Nxc5 31. bxc5 Nc4 32. Nb6 Nxe3 33. fxe3 Rxc5 34. Nd7
Rc3 35. Nxe5 Rc7 36. Rd3 a5 37. Nd7 Be7 38. e5 Rc1+ 39. Bf1 b4 0-1

[Event "Eurasian Blitz Chess Cup"]
[Site "Almaty KAZ"]
[Date "2016.06.18"]
[Round "8.20"]
[White "Pak, Yevgeniy"]
[Black "Kazhgaleyev, Murtas"]
[Result "0-1"]
[WhiteTitle "IM"]
[BlackTitle "GM"]
[WhiteElo "2401"]
[BlackElo "2582"]
[WhiteFideId "14201712"]
[BlackFideId "13700316"]
[EventDate "2016.06.18"]

1. Nf3 d6 2. c4 e5 3. Nc3 f5 4. d4 e4 5. Ng5 Nf6 6. f3 exf3 7. exf3 Be7 8. d5
O-O 9. Bd3 Nxd5 10. Nxd5 Bxg5 11. Nxc7 Bxc1 12. Nxa8 Bxb2 13. Rb1 Bc3+ 14. Kf1
Nc6 15. c5 d5 16. g3 Be6 17. Qb3 Bf6 18. Re1 Nd4 19. Qxb7 Qxa8 20. Qxa8 Rxa8 21.
Kg2 Rc8 22. Rc1 Kf7 23. Ba6 Rc7 24. Rhd1 Nc6 25. Rb1 Na5 26. Rd3 Rxc5 27. Ra3
Nc4 28. Rb7+ Kg6 29. Rd3 Ne5 30. Rd2 Ra5 31. Rxa7 Nc6 32. Ra8 Bc3 33. Rc2 d4 34.
Bb7 Rxa8 35. Bxa8 Nb4 36. Rc1 Nxa2 37. Rb1 Nb4 38. f4 Kf6 39. Bf3 Bc4 40. h3 Bd3
41. Rc1 Be4 42. g4 g6 43. Rd1 Ke6 44. Kg3 Kd5 45. Be2 d3 46. Bxd3 Nxd3 47. Rb1
Be1+ 48. Kh2 Bd2 49. Rb7 Bxf4+ 50. Kg1 Be3+ 51. Kh2 f4 52. Rxh7 f3 53. Rf7 f2
54. Kg3 Bf4+ 0-1

[Event "Eurasian Blitz Chess Cup"]
[Site "Almaty KAZ"]
[Date "2016.06.18"]
[Round "8.21"]
[White "Aleksandrov, Aleksej"]
[Black "Savchenko, Boris"]
[Result "1-0"]
[WhiteTitle "GM"]
[BlackTitle "GM"]
[WhiteElo "2577"]
[BlackElo "2633"]
[WhiteFideId "13500139"]
[BlackFideId "4147332"]
[EventDate "2016.06.18"]

1. d4 Nf6 2. c4 e6 3. Nc3 d5 4. cxd5 exd5 5. Bg5 c6 6. e3 Bd6 7. Bd3 Nbd7 8.
Nge2 Nf8 9. f3 Ng6 10. Qc2 h6 11. Bxf6 Qxf6 12. e4 dxe4 13. Nxe4 Qh4+ 14. g3
Bb4+ 15. Kf2 Qd8 16. a3 Ba5 17. b4 Bb6 18. Nc5 Ne7 19. Rad1 O-O 20. Rhe1 a5 21.
Qb3 axb4 22. axb4 Nd5 23. Bc4 Qd6 24. Bxd5 cxd5 25. Nf4 Rd8 26. Re5 Bxc5 27.
Rxd5 Bxb4 28. Rxd6 Bxd6 29. Rd2 Ra5 30. Qb6 1-0

[Event "Eurasian Blitz Chess Cup"]
[Site "Almaty KAZ"]
[Date "2016.06.18"]
[Round "8.22"]
[White "Vallejo Pons, Francisco"]
[Black "Dzhumagaliev, Yan"]
[Result "0-1"]
[WhiteTitle "GM"]
[BlackTitle "FM"]
[WhiteElo "2711"]
[BlackElo "2400"]
[WhiteFideId "2205530"]
[BlackFideId "24100110"]
[EventDate "2016.06.18"]

1. e4 c5 2. Ne2 Nc6 3. Nbc3 e6 4. g3 h5 5. h3 a6 6. Bg2 b5 7. d3 Bb7 8. O-O b4
9. Na4 Nf6 10. Be3 d6 11. f4 Be7 12. f5 e5 13. c3 Rc8 14. Rc1 a5 15. Qd2 Ba6 16.
Qd1 Nh7 17. Bf2 Bg5 18. Ra1 Nf6 19. a3 Bb5 20. axb4 axb4 21. c4 Bxa4 22. Rxa4
Ra8 23. Bf3 h4 24. g4 Nd7 25. Kg2 O-O 26. Ng1 Nd4 27. Be2 Qe7 28. Qa1 Nc2 29.
Qa2 Nb6 30. Rxa8 Rxa8 31. Qb3 Ne3+ 32. Bxe3 Bxe3 33. Nf3 g5 34. Rb1 f6 35. Qd1
Qa7 36. Qe1 Qa2 37. Qd1 Bd4 38. Qd2 Qxb1 39. Nxg5 Qxb2 0-1

[Event "Eurasian Blitz Chess Cup"]
[Site "Almaty KAZ"]
[Date "2016.06.18"]
[Round "8.23"]
[White "Harika, Dronavalli"]
[Black "Bologan, Viktor"]
[Result "1-0"]
[WhiteTitle "GM"]
[BlackTitle "GM"]
[WhiteElo "2514"]
[BlackElo "2654"]
[WhiteFideId "5015197"]
[BlackFideId "13900048"]
[EventDate "2016.06.18"]

1. c4 e5 2. Nc3 Bb4 3. g3 Bxc3 4. dxc3 Nf6 5. Bg2 O-O 6. Nf3 d6 7. O-O h6 8. Nd2
Nc6 9. e4 Be6 10. Qe2 Qd7 11. Re1 Bh3 12. Nf1 Bxg2 13. Kxg2 Nh7 14. Ne3 Ne7 15.
Qd3 c6 16. b3 Ng5 17. Nf5 Nxf5 18. Bxg5 Nxg3 19. hxg3 hxg5 20. Rad1 Rad8 21. c5
Rfe8 22. cxd6 Re6 23. Qe3 Rxd6 24. Rxd6 Qxd6 25. Qxa7 Qd2 26. Qe3 Qxa2 27. Qxg5
f6 28. Qh5 Qc2 29. c4 Qd3 30. Qg4 Qd7 31. Qh5 Qf7 32. Qh3 Qd7 33. Qh5 Qd4 34.
Qg4 Qd7 35. Qh5 Qe8 36. Qg4 Qd7 37. Qh5 Qd3 38. Qg4 Kf7 39. Rh1 Qd7 40. Qh5+ Ke7
41. Qg6 Rg8 42. Rh7 Kf8 43. Qxf6+ gxf6 44. Rxd7 Rg7 45. Rd6 Ke7 46. Rd1 Rg8 47.
Ra1 Rd8 48. Ra7 Rd7 49. c5 Kd8 50. Ra8+ Kc7 51. Rf8 Rd3 52. Rxf6 Rxb3 53. g4 Kd7
54. g5 Ke7 55. Rf5 Ke6 56. g6 Rd3 57. g7 Rd8 58. Rf8 1-0

[Event "Eurasian Blitz Chess Cup"]
[Site "Almaty KAZ"]
[Date "2016.06.18"]
[Round "8.24"]
[White "Egorov, Evgeny"]
[Black "Arutinian, David"]
[Result "0-1"]
[WhiteTitle "IM"]
[BlackTitle "GM"]
[WhiteElo "2387"]
[BlackElo "2527"]
[WhiteFideId "13700421"]
[BlackFideId "13601741"]
[EventDate "2016.06.18"]

1. Nc3 d5 2. e4 c6 3. f4 dxe4 4. Nxe4 Nf6 5. Nxf6+ exf6 6. Bc4 Bd6 7. Qe2+ Kf8
8. d3 g6 9. Bd2 Kg7 10. O-O-O a5 11. d4 b5 12. Bd3 Na6 13. c3 Nc7 14. Nf3 Nd5
15. f5 Nf4 16. Bxf4 Bxf4+ 17. Kb1 Re8 18. Qc2 Qd5 19. h4 Bd7 20. fxg6 hxg6 21.
h5 g5 22. h6+ Kh8 23. Rhe1 Bg3 24. Re4 a4 25. Nd2 f5 26. c4 bxc4 27. Bxc4 Qd6
28. Rxe8+ Rxe8 29. Qc3 Rb8 30. Nf3 Qf6 31. a3 Bd6 32. Ka2 Be8 33. Ne5 c5 34.
Nxf7+ Bxf7 35. Bxf7 cxd4 36. Qxd4 Be5 0-1

[Event "Eurasian Blitz Chess Cup"]
[Site "Almaty KAZ"]
[Date "2016.06.18"]
[Round "9.3"]
[White "Nepomniachtchi, Ian"]
[Black "Artemiev, Vladislav"]
[Result "1-0"]
[WhiteTitle "GM"]
[BlackTitle "GM"]
[WhiteElo "2719"]
[BlackElo "2653"]
[WhiteFideId "4168119"]
[BlackFideId "24101605"]
[EventDate "2016.06.18"]

1. e4 c5 2. Nf3 e6 3. d4 cxd4 4. Nxd4 a6 5. c4 Nf6 6. Nc3 Qc7 7. Qd3 b6 8. Qg3
d6 9. Bd3 Nbd7 10. O-O Bb7 11. b3 Be7 12. Bb2 g5 13. Qxg5 Rg8 14. Qe3 Ng4 15.
Qh3 Qc5 16. Nce2 Qg5 17. Nf3 Qh6 18. Qxh6 Nxh6 19. h3 Nc5 20. Bc2 Nxe4 21. Rfd1
Nc5 22. Kf1 Bxf3 23. gxf3 f5 24. Nd4 Kf7 25. b4 Nd7 26. Bb3 Bf6 27. Re1 Bxd4 28.
Bxd4 Rae8 29. Rad1 Ne5 30. Bxe5 dxe5 31. Rd6 Kf6 32. Rxb6 Nf7 33. h4 Rd8 34. c5
Rge8 35. Rxa6 Rd4 36. b5 Rxh4 37. b6 Ng5 38. Ke2 e4 39. fxe4 Rxe4+ 40. Kf1 Rb4
41. c6 Nf3 42. b7 Nd2+ 43. Ke2 Rd8 44. c7 Re4+ 45. Kd1 1-0

[Event "Eurasian Blitz Chess Cup"]
[Site "Almaty KAZ"]
[Date "2016.06.18"]
[Round "9.4"]
[White "Hou, Yifan"]
[Black "Mamedov, Rauf"]
[Result "0-1"]
[WhiteTitle "GM"]
[BlackTitle "GM"]
[WhiteElo "2663"]
[BlackElo "2655"]
[WhiteFideId "8602980"]
[BlackFideId "13401653"]
[EventDate "2016.06.18"]

1. e4 c5 2. Nc3 Nc6 3. Bb5 Nd4 4. Nf3 a6 5. Bc4 b5 6. Bd5 Rb8 7. Nxd4 cxd4 8.
Ne2 Nf6 9. Nxd4 e6 10. Bb3 Nxe4 11. Qe2 Bb7 12. d3 Bb4+ 13. Kf1 Nf6 14. Bf4 Rc8
15. Nf5 O-O 16. Bd6 exf5 17. Bxb4 Re8 18. Qd2 Nd5 19. Bd6 Qf6 20. Bf4 Qxb2 21.
Rd1 a5 22. c4 Qxd2 23. Bxd2 bxc4 24. dxc4 Nb4 25. Bxb4 axb4 26. Rxd7 Ba6 27. Rd4
Re4 28. Rxe4 fxe4 29. Ke2 Bxc4+ 30. Bxc4 Rxc4 31. Rd1 f5 32. Rd7 Rc2+ 33. Ke3
Rxa2 34. Rb7 Rb2 35. h3 h5 36. Rb5 g6 37. Rb7 b3 38. h4 Kf8 39. g3 Rb1 40. Kf4
b2 41. Kg5 f4 42. Kxf4 e3 43. Kf3 exf2 44. Kxf2 Rh1 0-1